000 00981nam a22003257a 4500
001 0009085
003 KOHA_MİRAKIL
005 20260207001657.0
007 ta
008 101112b2007 tu |||gr||||#||||0|tur |
020 _a9789752635951
040 _aTR-BiSEU
_btur
_cTR-BiSEU
_erda
041 0 _atur
044 _ctu
050 _aRC480.5
_b.U23 2007
100 1 _aUçal, Yasemin.
245 1 _aKendinize hoş geldiniz :
_bpsikoterapi öyküleri/
_cYasemin Uçal ; Yasemin Uçal; editör Meryem Tortuk.
264 1 _aİstanbul :
_bTimaş Yayınları
_c2007
300 _a159 sayfa
336 _ametin
_btxt
_2rdacontent
337 _aaracısız
_bn
_2rdamedia
338 _acilt
_bnc
_2rdacarrier
490 1 _aTimaş Yayınları ;
_v1675.
490 1 _aPsikoloji dizisi ;
_v20.
650 0 _aPsikoterapi.
_922640
650 0 _aPsychotherapy.
_922641
830 1 _aTimaş Yayınları ;
_v1675.
_99767
830 1 _aPsikoloji dizisi ;
_v20.
_96558
942 _2lcc
_cBK
999 _c9057
_d9057